000 00792nam a2200229 i 4500
001 bg
245 0 0 _aĆwiczenia laboratoryjne z materiałów budowlanych i technologii betonu /
_cJan Mizera [et al.] ; pod red. J. Mizery.
260 _aOpole :
_bPO,
_c1996.
300 _a273 s. :
_brys., wykr. ;
_c24 cm.
490 1 _aSkrypt / Politechnika Opolska,
_x0860-9004 [i. e.] 1427-9932 ;
_vnr 193
504 _aBibliogr., wykaz norm przy rozdz.
650 9 _aBeton
_xtechnologia
650 9 _aMateriały budowlane
_xbadanie
_xmetody
655 _aPodręczniki akademickie
700 1 _aMIZERA, Jan.
_ews *rd
830 0 _aSkrypt (Politechnika Opolska) ;
_vnr 193
040 _cBPK
041 0 _apl
080 _a691+666.9](075.8)
942 _cKS
008 s pl f |000 0 pol
999 _c31617
_d31617
856 _uhttp://koha.tu.koszalin.pl/cgi-bin/koha/opac-detail.pl?biblionumber=31617
_yKatalog online BPK